Gaming Quiz

Random Gaming or Typing Quiz

Pokemon with 100 or more Special Defense Quiz Stats

 Plays Quiz not verified by Sporcle

Support Sporcle.
Go Orange.
Score 0/177 Timer 20:00
0 Plays Today
Special Defense Pokemon % Correct
154Lugia
100%
154Ho-Oh
100%
100Celebi
100%
120Reshiram
100%
100Galar Articuno
100%
125Galar Moltres
100%
100Venusaur
99%
120Mega Venusaur
99%
125Articuno
99%
100Mew
99%
230Shuckle
99%
115Gardevoir
99%
135Mega Gardevoir
99%
115Mega Sableye
99%
100Jirachi
99%
160Deoxys (Defense)
99%
115Togekiss
99%
107Rotom (Heat)
99%
107Rotom (Wash)
99%
107Rotom (Frost)
99%
107Rotom (Fan)
99%
107Rotom (Mow)
99%
100Zekrom
99%
150Diancie
99%
110Mega Diancie
99%
115Mega Charizard Y
98.4%
100Dragonite
98.4%
100Mega Mewtwo X
98.4%
120Mega Mewtwo Y
98.4%
140Mantine
98.4%
115Suicune
98.4%
100Tyranitar
98.4%
120Mega Tyranitar
98.4%
110Mega Metagross
98.4%
200Regice
98.4%
150Registeel
98.4%
130Latias
98.4%
150Mega Latias
98.4%
110Latios
98.4%
120Mega Latios
98.4%
120Palkia
98.4%
100Victini
98.4%
100Kyurem (White)
98.4%
150Goodra
98.4%
110Galar Slowking
98%
130Calyrex (Ice Rider)
98%
100Calyrex (Shadow Rider)
98%
100Gyarados
97.9%
130Mega Gyarados
97.9%
140Kyogre
97.9%
160Primal Kyogre
97.9%
108Spiritomb
97.9%
115Gallade
97.9%
115Mega Gallade
97.9%
106Heatran
97.9%
120Giratina (Altered)
97.9%
100Giratina (Origin)
97.9%
116Ferrothorn
97.9%
100Delphox
97.9%
Special Defense Pokemon % Correct
131Nihilego
97.9%
116Primarina
97.9%
145Zamazenta (Crowned Shield)
97.5%
115Zacian (Hero of Many Battles)
97.5%
115Zacian (Crowned Sword)
97.5%
115Zamazenta (Hero of Many Battles)
97.5%
105Blastoise
97.4%
115Mega Blastoise
97.4%
120Tentacruel
97.4%
100Meganium
97.4%
105Mega Camerupt
97.4%
107Cradily
97.4%
100Mega Rayquaza
97.4%
101Empoleon
97.4%
116Bronzong
97.4%
105Mega Abomasnow
97.4%
100Dialga
97.4%
100Shaymin (Land)
97.4%
105Jellicent
97.4%
105Volcarona
97.4%
150Carbink
97.4%
130Hoopa (Confined)
97.4%
130Hoopa (Unbound)
97.4%
130Tapu Fini
97.4%
101Celesteela
97.4%
100Ninetales
96.9%
105Mega Heracross
96.9%
100Raikou
96.9%
110Mega Swampert
96.9%
123Dragalge
96.9%
132Araquanid
96.9%
100Alola Ninetales
96.9%
110Slowking
96.4%
105Altaria
96.4%
105Mega Altaria
96.4%
120Claydol
96.4%
129Virizion
96.4%
140Aegislash (Shield)
96.4%
115Tapu Lele
96.4%
107Lunala
96.4%
105Mimikyu
96.4%
105Kommo-o
96.4%
109Necrozma (Dusk Mane)
96.4%
127Necrozma (Dawn Wings)
96.4%
110Glastrier
96%
105Togetic
95.9%
130Umbreon
95.9%
100Mega Scizor
95.9%
100Regirock
95.9%
138Bastiodon
95.9%
135Dusknoir
95.3%
120Arceus
95.3%
154Florges
95.3%
130Sylveon
95.3%
142Toxapex
95.3%
100Decidueye
95.3%
100Minior (Meteor Form)
95.3%
110Hitmonlee
94.8%
110Hitmonchan
94.8%
Special Defense Pokemon % Correct
120Mantyke
94.8%
130Cresselia
94.8%
115Scrafty
94.8%
128Meloetta (Aria)
94.8%
100Muk
94.3%
110Hitmontop
94.3%
105Mismagius
94.3%
100Manaphy
94.3%
105Darmanitan (Zen)
94.3%
115Magearna
94.3%
100Alola Muk
94.3%
100Mr. Rime
94.3%
100Tentacool
93.8%
110Snorlax
93.8%
110Mega Ampharos
93.8%
100Ludicolo
93.8%
130Dusclops
93.8%
105Mega Alakazam
93.8%
105Indeedee (Female)
93.6%
150Probopass
93.3%
113Sliggoo
93.3%
101Stakataka
93.3%
120Orbeetle
93%
115Hypno
92.7%
130Uxie
92.7%
110Regigigas
92.7%
120Mr. Mime
92.2%
110Flareon
92.2%
135Blissey
92.2%
105Mesprit
92.2%
105Cofagrigus
92.2%
110Oranguru
92.2%
103Hatterene
91.7%
105Roserade
91.7%
105Escavalier
91.7%
105Chansey
91.2%
126Mega Audino
91.2%
135Cryogonal
91.2%
105Runerigus
91.1%
100Galar Corsola
90.4%
130Cursola
89.8%
105Wormadam (Plant Cloak)
89.6%
102Vespiquen
89.1%
125Milotic
88.6%
121Alcremie
88.5%
100Bellossom
87.6%
114Polteageist
86.6%
110Grumpig
86.5%
100Shiinotic
86.5%
100Mega Kangaskhan
86%
131Cosmoem
85%
135Wishiwashi (School Form)
84.5%
110Ledian
83.9%
110Comfey
83.4%
120Eldegoss
82.8%
100Politoed
82.4%
110Gothitelle
82.4%
130Pyukumuku
78.2%
120Kecleon
77.2%

You're not logged in!

Compare scores with friends on all Sporcle quizzes.
OR
Log In

From the Vault

Remove Ads.
Support Sporcle.
Get the best of Sporcle when you Go Orange. This ad-free experience offers more features, more stats, and more fun while also helping to support Sporcle. Thank you for becoming a member.

Show Comments

Extras

Top Quizzes Today


Score Distribution

Your Account Isn't Verified!

In order to create a playlist on Sporcle, you need to verify the email address you used during registration. Go to your Sporcle Settings to finish the process.

Report this User

Report this user for behavior that violates our Community Guidelines.

Details: